[Event "Eastman Gent Open 2018"]
[Site "?"]
[Date "2018.07.14"]
[Round "1"]
[White "Stone, Andrew"]
[Black "Van Hoecke, Elena"]
[Result "1-0"]
[WhiteElo "2272"]
[BlackElo "1776"]
[PlyCount "53"]
[EventDate "2018.07.14"]
[SourceDate "2018.07.14"]

1. c4 e6 2. Nc3 d5 3. e3 Nf6 4. Nf3 Be7 5. d4 O-O 6. Qc2 c5 7. dxc5 Bxc5 8. a3
Nc6 9. b4 Be7 10. Bb2 Bd7 11. Rd1 dxc4 12. Bxc4 Rc8 13. Ba2 a6 14. Bb1 h6 15.
O-O g6 16. Rd2 Qc7 17. Ne4 Nxe4 18. Qxe4 f5 19. Qc4 b5 20. Qb3 Bf6 21. Rfd1
Rcd8 22. Bxf6 Rxf6 23. Qc3 Rff8 24. Ba2 Bc8 25. h3 Rxd2 26. Rxd2 Kf7 27. Qxc6
1-0

[Event "Eastman Gent Open 2018"]
[Site "?"]
[Date "2018.07.14"]
[Round "1"]
[White "Achuthan, Dylan"]
[Black "Hamblok, Roel"]
[Result "0-1"]
[WhiteElo "1777"]
[BlackElo "2297"]
[PlyCount "66"]
[EventDate "2018.07.14"]
[SourceDate "2018.07.14"]

1. e4 c6 2. Nf3 d5 3. Nc3 dxe4 4. Nxe4 Nf6 5. Nxf6+ exf6 6. d4 Bd6 7. Be2 O-O
8. O-O Be6 9. Be3 Nd7 10. c4 Re8 11. Qd2 Qc7 12. c5 Bf8 13. Bf4 Qd8 14. b4 Bd5
15. a4 f5 16. b5 Nf6 17. h4 h6 18. bxc6 bxc6 19. Ne5 Ne4 20. Qc1 Qxh4 21. Ba6
Rad8 22. Bc4 Re6 23. Bxd5 Rxd5 24. Nf3 Qh5 25. Qc4 g5 26. Bb8 g4 27. Ne5 Nd2
28. Qa6 f4 29. Rfd1 Rxd4 30. Nxc6 Nf3+ 31. gxf3 gxf3 32. Rxd4 Rg6+ 33. Kf1 Qh1#
0-1

[Event "Eastman Gent Open 2018"]
[Site "?"]
[Date "2018.07.14"]
[Round "1"]
[White "Vitharana, Annelies"]
[Black "Muratet Casadevall, Albert"]
[Result "0-1"]
[WhiteElo "1769"]
[BlackElo "2148"]
[PlyCount "108"]
[EventDate "2018.07.14"]
[SourceDate "2018.07.14"]

1. e4 Nf6 2. e5 Nd5 3. c4 Nb6 4. d4 d6 5. Nf3 Bg4 6. exd6 cxd6 7. Nc3 g6 8. Be3
Bg7 9. Be2 O-O 10. h3 Bxf3 11. Bxf3 Nc6 12. b3 e6 13. Rc1 d5 14. c5 Nc8 15. O-O
Qf6 16. Ne2 h6 17. Qd2 Kh7 18. b4 a6 19. a4 N8e7 20. b5 axb5 21. axb5 Na5 22.
Qb4 Nf5 23. Rc3 Qe7 24. Rb1 Nc4 25. Rd3 Qc7 26. Bf4 Qa5 27. Qxa5 Rxa5 28. Bd2
Nxd2 29. Rxd2 Ra4 30. Rbd1 Rb4 31. b6 Ne7 32. Rd3 Nc6 33. g3 Ra8 34. Bg2 Raa4
35. Bf1 Bxd4 36. Nxd4 Nxd4 37. Rc3 Nc6 38. Rcc1 Ra5 39. Re1 Kg7 40. Re3 Kf6 41.
Rf3+ Ke7 42. Rf4 Rxf4 43. gxf4 Kd7 44. f3 Nd4 45. Kf2 Kc6 46. Ke3 Nf5+ 47. Kd2
Rxc5 48. Rb1 Nd6 49. Ke3 Nc4+ 50. Bxc4 Rxc4 51. h4 h5 52. Rb2 Kc5 53. Rb1 Rb4
54. Rxb4 Kxb4 0-1

[Event "Eastman Gent Open 2018"]
[Site "?"]
[Date "2018.07.14"]
[Round "2"]
[White "Muratet Casadevall, Albert"]
[Black "Danneel, Geert"]
[Result "1-0"]
[WhiteElo "2168"]
[BlackElo "2020"]
[PlyCount "85"]
[EventDate "2018.07.14"]
[SourceDate "2018.07.15"]

1. e4 Nf6 2. e5 Nd5 3. d4 d6 4. Nf3 dxe5 5. Nxe5 c6 6. Be2 Bf5 7. O-O Nd7 8.
Nf3 e6 9. c4 N5f6 10. Nc3 Bd6 11. d5 cxd5 12. cxd5 e5 13. Nh4 Bg6 14. Bg5 O-O
15. Nxg6 hxg6 16. a3 Qb8 17. h3 Re8 18. Re1 a6 19. Rc1 e4 20. Be3 b5 21. b4 Qb7
22. Qb3 Rac8 23. Bf1 Ne5 24. Red1 Nc4 25. Bxc4 Rxc4 26. Bd4 Nxd5 27. Nxd5 Qxd5
28. Bc5 Qg5 29. Rxc4 bxc4 30. Qa4 Rd8 31. Rxd6 Qc1+ 32. Kh2 Rxd6 33. Bxd6 Qd2
34. Qe8+ Kh7 35. Qe5 g5 36. Qxe4+ Kh6 37. Bc5 c3 38. Be3 Qd6+ 39. g3 Qc7 40.
Qh4+ Kg6 41. Qxg5+ Kh7 42. Qf5+ Kg8 43. Qc5 1-0

[Event "Eastman Gent Open 2018"]
[Site "?"]
[Date "2018.07.14"]
[Round "2"]
[White "Feelders, Ad"]
[Black "Stone, Andrew"]
[Result "1/2-1/2"]
[WhiteElo "2020"]
[BlackElo "2157"]
[PlyCount "54"]
[EventDate "2018.07.14"]
[SourceDate "2018.07.15"]

1. e4 e6 2. d4 d5 3. e5 c5 4. c3 Nc6 5. Nf3 Nh6 6. dxc5 Bxc5 7. Bxh6 gxh6 8.
Bd3 f6 9. b4 Bf8 10. b5 Na5 11. O-O f5 12. Nd4 Qe7 13. Be2 Bd7 14. Bh5+ Kd8 15.
Nd2 Rc8 16. Rc1 Rg8 17. Bf3 Qc5 18. N2b3 Nxb3 19. axb3 Qb6 20. c4 Bc5 21. Ne2
dxc4 22. bxc4 Bf8 23. Nf4 Rc7 24. Qd2 Kc8 25. Rfd1 Be7 26. Rc2 Rd8 27. Qe2 Bg5
1/2-1/2

[Event "Eastman Gent Open 2018"]
[Site "?"]
[Date "2018.07.15"]
[Round "3"]
[White "Pienski, Olaf"]
[Black "Clemens, Adrian"]
[Result "1/2-1/2"]
[WhiteElo "2089"]
[BlackElo "2165"]
[PlyCount "64"]
[EventDate "2018.07.14"]
[SourceDate "2018.07.15"]

1. e4 c5 2. Nf3 d6 3. d4 cxd4 4. Nxd4 Nf6 5. Nc3 a6 6. Be2 e6 7. O-O Nc6 8. Be3
Be7 9. f4 O-O 10. a4 Qc7 11. Kh1 Nxd4 12. Bxd4 e5 13. Be3 exf4 14. Bxf4 Be6 15.
Nd5 Bxd5 16. exd5 Nd7 17. c4 Bf6 18. Qc2 a5 19. Ra3 Rae8 20. Rh3 g6 21. Bh6 Be5
22. Bxf8 Rxf8 23. Bd3 Nc5 24. b3 f5 25. Rhf3 Qg7 26. Qb1 Qh6 27. Rh3 Qd2 28.
Bc2 Rf7 29. Rhf3 Qh6 30. Rh3 Qd2 31. Rhf3 Qh6 32. Rh3 Qd2 1/2-1/2

[Event "Eastman Gent Open 2018"]
[Site "?"]
[Date "2018.07.15"]
[Round "3"]
[White "De Vos, Clemens"]
[Black "Huhndorf, Arnold"]
[Result "0-1"]
[WhiteElo "2017"]
[BlackElo "2250"]
[PlyCount "52"]
[EventDate "2018.07.14"]
[SourceDate "2018.07.15"]

1. d4 Nf6 2. Nf3 c5 3. g3 cxd4 4. Nxd4 d5 5. Bg2 e5 6. Nb3 Nc6 7. O-O Be7 8.
N1d2 O-O 9. c3 Bg4 10. h3 Be6 11. Nf3 h6 12. Be3 b6 13. a4 Qc7 14. a5 Nxa5 15.
Nxa5 bxa5 16. Qa4 Bd8 17. g4 Nd7 18. Rfd1 Rc8 19. Rd2 f5 20. gxf5 Rxf5 21. Nh4
Rf8 22. Ng6 Rf6 23. Nh4 Nb6 24. Qe8+ Kh7 25. Rxa5 Bf7 26. Qb5 Nc4 0-1

[Event "Eastman Gent Open 2018"]
[Site "?"]
[Date "2018.07.15"]
[Round "3"]
[White "Boudry, William"]
[Black "Vandelacluze, Ian"]
[Result "1/2-1/2"]
[WhiteElo "2046"]
[BlackElo "2170"]
[PlyCount "68"]
[EventDate "2018.07.14"]
[SourceDate "2018.07.15"]

1. e4 e5 2. Nf3 Nf6 3. Nxe5 d6 4. Nf3 Nxe4 5. d4 d5 6. Bd3 Nc6 7. Nc3 Bb4 8.
Bd2 Bf5 9. O-O O-O 10. Re1 Re8 11. Bb5 Qd6 12. Nh4 Bxc3 13. Nxf5 Qf6 14. bxc3
Qxf5 15. f3 Nxd2 16. Qxd2 a6 17. Bd3 Qf6 18. Rxe8+ Rxe8 19. Re1 Rxe1+ 20. Qxe1
Qe7 21. Qxe7 Nxe7 22. c4 dxc4 23. Bxc4 Nf5 24. c3 Kf8 25. Kf2 Ke7 26. a4 a5 27.
Bd3 Nd6 28. h4 h6 29. Ke3 b6 30. c4 c5 31. f4 Kf6 32. g4 g5 33. fxg5+ hxg5 34.
h5 Kg7 1/2-1/2

[Event "Eastman Gent Open 2018"]
[Site "?"]
[Date "2018.07.15"]
[Round "4"]
[White "Clemens, Adrian"]
[Black "Boudry, William"]
[Result "1/2-1/2"]
[WhiteElo "2199"]
[BlackElo "2046"]
[PlyCount "92"]
[EventDate "2018.07.14"]
[SourceDate "2018.07.16"]

1. c4 Nf6 2. Nc3 e6 3. Nf3 d5 4. d4 Be7 5. Bf4 O-O 6. e3 b6 7. cxd5 Nxd5 8.
Nxd5 exd5 9. Bd3 c5 10. O-O Nc6 11. h3 Bd6 12. Bxd6 Qxd6 13. dxc5 bxc5 14. Rc1
Nb4 15. Bb1 Ba6 16. Re1 Bb7 17. a3 Na6 18. Qd3 g6 19. Red1 Rfd8 20. Ba2 Qf6 21.
Qc3 Qxc3 22. Rxc3 Rac8 23. Rcd3 c4 24. R3d2 Re8 25. b4 Nc7 26. Nd4 a6 27. a4
Ne6 28. Ne2 a5 29. b5 Nc5 30. Nc3 Ne4 31. Rc2 Nxc3 32. Rxc3 f5 33. Bb1 Kf7 34.
Kf1 Kf6 35. g4 fxg4 36. hxg4 Ke5 37. Ke2 Kd6 38. Kd2 Kc5 39. Bc2 Rc7 40. Kc1
Rf7 41. f4 Rfe7 42. Kb2 Rf8 43. Rf1 Bc8 44. g5 Bh3 45. Rg1 Bf5 46. Bxf5 Rxf5
1/2-1/2

[Event "Eastman Gent Open 2018"]
[Site "?"]
[Date "2018.07.15"]
[Round "4"]
[White "Spruit, Paul"]
[Black "Arman, Deniz"]
[Result "0-1"]
[WhiteElo "2017"]
[BlackElo "2366"]
[PlyCount "48"]
[EventDate "2018.07.14"]
[SourceDate "2018.07.16"]

1. c4 Nf6 2. g3 g6 3. Bg2 d5 4. cxd5 Nxd5 5. Nc3 Nb6 6. d4 Bg7 7. Nf3 O-O 8.
O-O Nc6 9. e3 e5 10. dxe5 Nxe5 11. Nxe5 Bxe5 12. Qc2 c6 13. Rd1 Qe7 14. f4 Bg7
15. e4 Bg4 16. Re1 Bd4+ 17. Be3 Bxe3+ 18. Rxe3 Nc4 19. Ree1 Rad8 20. Na4 b5 21.
h3 Rd2 22. Qc3 Rfd8 23. Bf1 Bxh3 24. Bxc4 bxc4 0-1

[Event "Eastman Gent Open 2018"]
[Site "?"]
[Date "2018.07.16"]
[Round "5"]
[White "Roos, David"]
[Black "Verbeeren, Peter"]
[Result "1-0"]
[WhiteElo "2142"]
[BlackElo "1985"]
[PlyCount "39"]
[EventDate "2018.07.14"]
[SourceDate "2018.07.16"]

1. e4 Nc6 2. Nf3 d6 3. d4 Nf6 4. Nc3 g6 5. Be2 Bg7 6. h3 O-O 7. Be3 e5 8. d5
Ne7 9. g4 Bd7 10. Qd2 b5 11. g5 b4 12. gxf6 bxc3 13. Qxc3 Bxf6 14. Qa3 Bg7 15.
Nd2 f5 16. f3 fxe4 17. fxe4 Qc8 18. O-O-O Bxh3 19. Bg5 Bg2 20. Rhg1 1-0

[Event "Eastman Gent Open 2018"]
[Site "?"]
[Date "2018.07.16"]
[Round "5"]
[White "Borkhardt, Arndt"]
[Black "Dauw, Sterre"]
[Result "0-1"]
[WhiteElo "2001"]
[BlackElo "2192"]
[PlyCount "82"]
[EventDate "2018.07.14"]
[SourceDate "2018.07.16"]

1. e4 c5 2. Nf3 e6 3. d4 cxd4 4. Nxd4 Nc6 5. Nc3 a6 6. Be3 Qc7 7. Qf3 b5 8.
Nxc6 dxc6 9. Qg3 Qxg3 10. hxg3 Nf6 11. Be2 Bb7 12. g4 b4 13. g5 bxc3 14. gxf6
cxb2 15. Rb1 Bb4+ 16. Bd2 Bxd2+ 17. Kxd2 O-O-O+ 18. Ke3 gxf6 19. Rxb2 Kc7 20.
a4 c5 21. Rh5 e5 22. a5 Rd4 23. g3 Bc8 24. Rh6 Rf8 25. Rb6 Rd6 26. Rxd6 Kxd6
27. Bc4 Be6 28. Bxa6 Ra8 29. Be2 Rxa5 30. Rxh7 Ra2 31. c3 c4 32. Rh8 Rc2 33.
Ra8 Rxc3+ 34. Kd2 Rb3 35. Bd1 Rd3+ 36. Kc2 Kc5 37. Be2 Rb3 38. Ra4 Rb4 39. Ra7
Kd4 40. Ra3 f5 41. Re3 fxe4 0-1

[Event "Eastman Gent Open 2018"]
[Site "?"]
[Date "2018.07.16"]
[Round "6"]
[White "Muratet Casadevall, Albert"]
[Black "van de Lisdonk, Lucien"]
[Result "1/2-1/2"]
[WhiteElo "2168"]
[BlackElo "2092"]
[PlyCount "38"]
[EventDate "2018.07.14"]
[SourceDate "2018.07.16"]

1. e4 c6 2. d4 Na6 3. Nc3 Nc7 4. Nf3 g6 5. Be3 Bg7 6. Qd2 d6 7. h3 Nf6 8. Be2
Be6 9. Ng5 h6 10. Nxe6 Nxe6 11. d5 Nc7 12. Bf3 cxd5 13. exd5 Qd7 14. a4 h5 15.
O-O O-O 16. Rad1 Kh7 17. Rfe1 b6 18. Qd3 Rfe8 19. Bd4 Kg8 1/2-1/2

[Event "Eastman Gent Open 2018"]
[Site "?"]
[Date "2018.07.16"]
[Round "6"]
[White "Clemens, Adrian"]
[Black "de Haas, Wouter"]
[Result "1-0"]
[WhiteElo "2185"]
[BlackElo "2056"]
[PlyCount "80"]
[EventDate "2018.07.14"]
[SourceDate "2018.07.17"]

1. c4 Nf6 2. Nc3 g6 3. d4 Bg7 4. e4 d6 5. f3 O-O 6. Bg5 h6 7. Be3 e5 8. Nge2 a5
9. Qd2 Kh7 10. d5 Na6 11. g4 Ng8 12. Ng3 Bf6 13. Bd3 Bg5 14. h4 Bxe3 15. Qxe3
Nc5 16. Bc2 Bd7 17. h5 g5 18. O-O Ne7 19. Rfd1 Kg7 20. b3 Qb8 21. a3 Na6 22.
Rab1 Qa7 23. Kf2 Qxe3+ 24. Kxe3 Rfc8 25. Nge2 Be8 26. b4 axb4 27. axb4 b6 28.
Bd3 Ra7 29. Ra1 Rca8 30. Rdb1 Nc8 31. Rb2 Nb8 32. Rxa7 Rxa7 33. c5 Ba4 34. c6
b5 35. Bxb5 Bxb5 36. Nxb5 Nb6 37. Kd3 Ra1 38. Nxc7 Ra3+ 39. Nc3 Na4 40. Rc2 Nb6
1-0

[Event "Eastman Gent Open 2018"]
[Site "?"]
[Date "2018.07.16"]
[Round "6"]
[White "Van Mechelen, Jan"]
[Black "Pienski, Olaf"]
[Result "1-0"]
[WhiteElo "2257"]
[BlackElo "2089"]
[PlyCount "97"]
[EventDate "2018.07.14"]
[SourceDate "2018.07.17"]

1. Nf3 g6 2. e4 c5 3. d3 Nc6 4. g3 Bg7 5. Bg2 Nf6 6. O-O O-O 7. Nbd2 d5 8. c3
Rb8 9. a3 a5 10. a4 h6 11. exd5 Nxd5 12. Nb3 b6 13. d4 cxd4 14. Nbxd4 Nxd4 15.
Nxd4 Bb7 16. h4 e5 17. Nb5 Nf6 18. Qe2 Bxg2 19. Kxg2 Qd5+ 20. Kg1 Qe6 21. Re1
Nd5 22. Bd2 Kh7 23. c4 Nb4 24. Bxb4 axb4 25. Rad1 Rfd8 26. h5 g5 27. g4 Kg8 28.
Qe4 Qf6 29. b3 Rxd1 30. Rxd1 Bf8 31. Nc7 Bc5 32. Rd2 Qf4 33. Qxf4 gxf4 34. Na6
Rc8 35. Nxc5 bxc5 36. Rd6 Kg7 37. Kg2 e4 38. Rd5 Re8 39. Rxc5 e3 40. fxe3 Rxe3
41. Rb5 Rxb3 42. a5 Rg3+ 43. Kf2 Ra3 44. c5 b3 45. c6 b2 46. Rxb2 Rxa5 47. Rc2
Ra8 48. c7 Rc8 49. Rc6 1-0

[Event "Eastman Gent Open 2018"]
[Site "?"]
[Date "2018.07.16"]
[Round "6"]
[White "Huhndorf, Arnold"]
[Black "Windelband, Jens"]
[Result "1-0"]
[WhiteElo "2250"]
[BlackElo "2081"]
[PlyCount "53"]
[EventDate "2018.07.14"]
[SourceDate "2018.07.17"]

1. d4 e6 2. c4 d5 3. Nf3 c5 4. cxd5 exd5 5. g3 Nc6 6. Bg2 Nf6 7. O-O Be7 8. Nc3
O-O 9. dxc5 Bxc5 10. Na4 Be7 11. Be3 Re8 12. Rc1 Ne4 13. Nd4 Bf6 14. Nxc6 bxc6
15. Bd4 Bg5 16. e3 Bd7 17. Nc5 Nxc5 18. Rxc5 Be7 19. Rc1 Bd6 20. e4 Bf8 21.
exd5 cxd5 22. Bxd5 Bh3 23. Qf3 Qd7 24. Bxa8 Bxf1 25. Bc6 Qxd4 26. Bxe8 Bc4 27.
Qc3 1-0

[Event "Eastman Gent Open 2018"]
[Site "?"]
[Date "2018.07.17"]
[Round "7"]
[White "Deveque, Guillaume"]
[Black "Muratet Casadevall, Albert"]
[Result "0-1"]
[WhiteElo "2043"]
[BlackElo "2168"]
[PlyCount "56"]
[EventDate "2018.07.14"]
[SourceDate "2018.07.17"]

1. e4 Nf6 2. e5 Nd5 3. c4 Nb6 4. c5 Nd5 5. Nc3 Nxc3 6. bxc3 Nc6 7. d4 d6 8.
cxd6 exd6 9. Nf3 Be7 10. exd6 Qxd6 11. d5 Ne5 12. Bf4 Nd3+ 13. Bxd3 Qxf4 14.
Bb5+ c6 15. dxc6 O-O 16. O-O Bf6 17. Rc1 bxc6 18. Bxc6 Rb8 19. Re1 Be6 20. c4
Bb2 21. Rc2 Bf5 22. Rce2 Bc3 23. Re4 Bxe4 24. Rxe4 Rfd8 25. Qc2 Qf6 26. g3 Qxc6
27. Rh4 Qxf3 28. Qxh7+ Kf8 0-1

[Event "Eastman Gent Open 2018"]
[Site "?"]
[Date "2018.07.17"]
[Round "7"]
[White "Middelhoven, Hein"]
[Black "Verhelst, Joris"]
[Result "1-0"]
[WhiteElo "2212"]
[BlackElo "2098"]
[PlyCount "67"]
[EventDate "2018.07.14"]
[SourceDate "2018.07.17"]

1. e4 c5 2. Nf3 d6 3. d4 cxd4 4. Nxd4 a6 5. c4 Nc6 6. Qd2 Nf6 7. Nc3 e6 8. b3
Be7 9. Be2 O-O 10. O-O Qc7 11. Rd1 Rd8 12. Qe1 b6 13. Bf1 Bb7 14. Bb2 Rac8 15.
Rac1 Ba8 16. Qe3 Qb7 17. Qf4 Bf8 18. Re1 Ne5 19. Nf3 h6 20. Nxe5 dxe5 21. Qxe5
Rd2 22. Re2 Rcd8 23. Qf4 e5 24. Rxd2 exf4 25. Rxd8 Nd7 26. Rd1 Nc5 27. Ba3 g6
28. Re8 Kg7 29. Rdd8 Be7 30. Rxa8 Bf6 31. Nd5 Bd4 32. Rad8 Ne6 33. Re7 Qc6 34.
Rd6 1-0

[Event "Eastman Gent Open"]
[Site "?"]
[Date "2018.07.17"]
[Round "7"]
[White "van de Lisdonk, Lucien"]
[Black "Dauw, Sterre"]
[Result "0-1"]
[WhiteElo "2092"]
[BlackElo "2192"]
[PlyCount "48"]
[EventDate "2018.07.17"]
[SourceDate "2018.07.17"]

1. e4 c5 2. b3 e6 3. Bb2 Nc6 4. Nf3 b6 5. Bb5 Bb7 6. O-O a6 7. Bxc6 Bxc6 8. Re1
d6 9. d4 cxd4 10. Nxd4 Bb7 11. c4 Nf6 12. Nd2 Be7 13. Rc1 O-O 14. Rc3 b5 15.
Rg3 bxc4 16. bxc4 Qa5 17. Bc3 Qxa2 18. e5 dxe5 19. Rxe5 Qa3 20. c5 Bd5 21. Nf5
Qxc5 22. Rxg7+ Kh8 23. Bd4 Qxd4 24. Nxd4 Kxg7 0-1

[Event "Eastman Gent Open 2018"]
[Site "?"]
[Date "2018.07.17"]
[Round "8"]
[White "Pienski, Olaf"]
[Black "Vandelacluze, Ian"]
[Result "1/2-1/2"]
[WhiteElo "2089"]
[BlackElo "2174"]
[PlyCount "26"]
[EventDate "2018.07.14"]
[SourceDate "2018.07.17"]

1. e4 e5 2. Nf3 Nf6 3. d3 Nc6 4. Be2 d5 5. exd5 Nxd5 6. O-O Bc5 7. Nxe5 Nxe5 8.
d4 Bd6 9. dxe5 Bxe5 10. Re1 Ne7 11. Qxd8+ Kxd8 12. Bc4 f6 13. Nd2 Bf5 1/2-1/2

[Event "Eastman Gent Open 2018"]
[Site "?"]
[Date "2018.07.17"]
[Round "8"]
[White "Rijpert, Kevin"]
[Black "Middelhoven, Hein"]
[Result "0-1"]
[WhiteElo "1959"]
[BlackElo "2212"]
[PlyCount "48"]
[EventDate "2018.07.14"]
[SourceDate "2018.07.17"]

1. e4 e5 2. Nf3 Nc6 3. Bc4 Nf6 4. Ng5 d5 5. exd5 Na5 6. Bb5+ c6 7. dxc6 bxc6 8.
Qf3 Be7 9. Bxc6+ Nxc6 10. Qxc6+ Bd7 11. Qc4 O-O 12. Nc3 Rc8 13. Qe2 Bg4 14. f3
Nh5 15. fxg4 Nf4 16. Qe4 Bxg5 17. d3 Qb6 18. g3 Nh3 19. Nd1 Rxc2 20. Bxg5 Nxg5
21. Qe3 Qa5+ 22. Kf1 Qd5 23. Nf2 Rxf2+ 24. Kxf2 Nh3+ 0-1

[Event "Eastman Gent Open 2018"]
[Site "?"]
[Date "2018.07.17"]
[Round "8"]
[White "Huhndorf, Arnold"]
[Black "Boog, Ben"]
[Result "1-0"]
[WhiteElo "2234"]
[BlackElo "2130"]
[PlyCount "102"]
[EventDate "2018.07.14"]
[SourceDate "2018.07.18"]

1. d4 f5 2. g3 e6 3. Bg2 Nf6 4. Nf3 d5 5. c4 c6 6. O-O Bd6 7. Qc2 O-O 8. Ne5
Bxe5 9. dxe5 Ng4 10. f4 Qb6+ 11. c5 Qb4 12. Rd1 Nd7 13. h3 Nh6 14. Be3 Qa5 15.
Nd2 Qd8 16. Nf3 Nf7 17. Nd4 Qe7 18. b4 a6 19. Rac1 g5 20. Bf2 Kh8 21. a4 Rg8
22. Kh2 Nf8 23. b5 axb5 24. axb5 Bd7 25. bxc6 Bxc6 26. Ra1 Ng6 27. e3 Rgc8 28.
Be1 Qd7 29. Qb2 Kg8 30. Rxa8 Rxa8 31. Ra1 Rxa1 32. Qxa1 Qc8 33. Qa7 h5 34. Bf3
g4 35. Be2 Ne7 36. Qb6 Qd7 37. Ba5 Nc8 38. Qc7 Kf8 39. Qb8 Ke7 40. Bc7 Kf8 41.
Bd6+ Kg7 42. Bd3 Nh6 43. h4 Kf7 44. Kg1 Kg6 45. Kf2 Kf7 46. Ke1 Ba4 47. Kd2 Bc6
48. Kc3 Ba4 49. Kb4 Bc6 50. Ka5 Qd8+ 51. Bc7 Qd7 1-0

[Event "Eastman Gent Open 2018"]
[Site "?"]
[Date "2018.07.17"]
[Round "8"]
[White "Dauw, Sterre"]
[Black "Verheyen, Olivier"]
[Result "1-0"]
[WhiteElo "2126"]
[BlackElo "2043"]
[PlyCount "89"]
[EventDate "2018.07.14"]
[SourceDate "2018.07.18"]

1. e4 c5 2. Nf3 d6 3. d4 cxd4 4. Nxd4 Nf6 5. Nc3 a6 6. Be2 e5 7. Nb3 Be7 8. Be3
Be6 9. O-O O-O 10. Qd2 Nbd7 11. a4 Nb6 12. Bxb6 Qxb6 13. Nd5 Nxd5 14. exd5 Bf5
15. a5 Qc7 16. c4 Rac8 17. Nc1 h6 18. b4 Bg5 19. Qa2 e4 20. Nb3 Qd7 21. Rad1
Bg4 22. c5 Bxe2 23. Qxe2 Rfe8 24. c6 bxc6 25. Qxa6 e3 26. fxe3 Qg4 27. dxc6
Qxb4 28. Qb7 Qc4 29. a6 Rb8 30. Na5 Rxb7 31. Nxc4 Rc7 32. Rxd6 Be7 33. Rd7 Rxc6
34. a7 Bf6 35. Nd6 Ra8 36. Rb1 Rxa7 37. Rb8+ Kh7 38. Rxa7 Rxd6 39. Rxf7 Kg6 40.
Rbb7 Rd1+ 41. Kf2 Be5 42. Rb6+ Kh7 43. Rbb7 Bxh2 44. Kf3 Rf1+ 45. Ke4 1-0

[Event "Eastman Gent Open 2018"]
[Site "?"]
[Date "2018.07.18"]
[Round "9"]
[White "Glimmerveen, Martin"]
[Black "Stone, Andrew"]
[Result "0-1"]
[WhiteElo "2082"]
[BlackElo "2157"]
[PlyCount "48"]
[EventDate "2018.07.14"]
[SourceDate "2018.07.18"]

1. e4 e6 2. Nf3 d5 3. e5 c5 4. b4 cxb4 5. a3 bxa3 6. d4 Nh6 7. c3 Nc6 8. Bd3
Bd7 9. h4 f5 10. exf6 Qxf6 11. Ng5 g6 12. Rh3 e5 13. Rf3 Qg7 14. dxe5 Nxe5 15.
Bf4 Bd6 16. Re3 O-O 17. Bxg6 Rxf4 18. Qxd5+ Kh8 19. Bh5 Qf6 20. Ne4 Qxh4 21.
Qxd6 Qh1+ 22. Ke2 Qxh5+ 23. f3 Bb5+ 24. Kd2 Nc4+ 0-1

[Event "Eastman Gent Open 2018"]
[Site "?"]
[Date "2018.07.18"]
[Round "9"]
[White "van de Lisdonk, Lucien"]
[Black "Clemens, Adrian"]
[Result "1/2-1/2"]
[WhiteElo "2092"]
[BlackElo "2165"]
[PlyCount "37"]
[EventDate "2018.07.14"]
[SourceDate "2018.07.18"]

1. e4 c5 2. b3 e6 3. Bb2 Nc6 4. Bb5 Nd4 5. Bd3 Nf6 6. Nf3 Nxf3+ 7. Qxf3 Be7 8.
O-O O-O 9. Nc3 d5 10. e5 Nd7 11. Rae1 a6 12. Qh3 g6 13. f4 c4 14. Be2 b5 15.
Bg4 Nc5 16. b4 d4 17. bxc5 dxc3 18. Qxc3 Bxc5+ 19. d4 1/2-1/2